000 00489nam a2200193Ia 4500
008 101110s9999 xx 000 0 und d
041 _aENGLISH
082 _bSR21785
100 _aDogra and Dogra
245 _aPhysical Chemistry through problems
365 _b165
520 _aChemistry
546 _aENGLISH
630 _aPhysical Chemistry through problems
650 _aChemistry
655 _aChemistry
730 _aPhysical Chemistry through problems
942 _cBOOK
999 _c814624
_d814621